000 00711nam a2200205Ia 4500
003 GCL
008 140319s9999 xx 000 0 ara d
040 _aGCL /
_cGCL
082 0 4 _a229.3
_bش ت
100 1 _aالشوكانى , محمد بن على بن محمد
245 1 0 _aتحفة الذاكرين : بعدة الحصن الحصين من كلام سيد المرسلين صلى الله عليه وسلم /
_cالشوكانى , محمد بن على بن محمد
260 _a[S.N] :
_bمكتبة المتنبى
300 _a426 ص
490 _a
650 0 4 _aالاسلام
650 0 4 _aالحديث
650 0 4 _aالادعية والاوراد
650 0 4 _aالقران
942 _2ddc
_cBK
999 _c31318
_d31318